ជំងឺGUMBORO នៅប្រទេសកម្ពុជា; GUMBORO DISEASE IN CAMBODIA (Record no. 10851)

000 -LEADER
fixed length control field 00499nam a22001577a 4500
003 - CONTROL NUMBER IDENTIFIER
control field OSt
005 - DATE AND TIME OF LATEST TRANSACTION
control field 20161111144711.0
008 - FIXED-LENGTH DATA ELEMENTS--GENERAL INFORMATION
fixed length control field 161111b xxu||||| |||| 00| 0 eng d
040 ## - CATALOGING SOURCE
Transcribing agency RUA
082 ## - DEWEY DECIMAL CLASSIFICATION NUMBER
Classification number VEM SOR 1994 B009 Or.1
100 ## - MAIN ENTRY--PERSONAL NAME
9 (RLIN) 11282
Personal name SORN SOTHEARIDDH; ស៊ន សុធារិទ្ធ
245 ## - TITLE STATEMENT
Title ជំងឺGUMBORO នៅប្រទេសកម្ពុជា; GUMBORO DISEASE IN CAMBODIA
260 ## - PUBLICATION, DISTRIBUTION, ETC. (IMPRINT)
Place of publication, distribution, etc. PHNOM PENH
Name of publisher, distributor, etc. SOR
Date of publication, distribution, etc. 1994
300 ## - PHYSICAL DESCRIPTION
Extent 50p.
Other physical details ill.
Dimensions 29cm.
942 ## - ADDED ENTRY ELEMENTS (KOHA)
Source of classification or shelving scheme
Koha item type VEM
Holdings
Price effective from Date last seen Permanent Location Not for loan Date acquired Source of classification or shelving scheme Koha item type Barcode Lost status Damaged status Shelving location Withdrawn status Current Location Full call number
2016-11-112016-11-11Library Block B 2016-11-11 VEMRUA045490  B009 Library Block BVEM SOR 1994 B009 Or.1
2016-11-212016-11-21Library Block B 2016-11-21 VEMRUA046597  B009 Library Block BVEM SOR 1994 B009 Or.2
មជ្ឈមណ្ឌលឯការនៃសាកលវិទ្យាល័យភូមិន្ទកសិកម្មចំការដូង

Powered by Koha